000 00596cam a22002053a 4500
001 42396
003 PGUSA
005 20140828083948.0
008 130323s2013||||xxu|||||s|||||000 | eng d
040 _aPGUSA
_beng
042 _adc
100 1 _aWallace, Dillon,
_d1863-1939
245 1 0 _aGrit A-Plenty :
_bA Tale of the Labrador Wild
_h[electronic resource] /
_cDillon Wallace
260 _bProject Gutenberg,
_c2013
506 _aPublic domain in the USA.
516 _aElectronic text
830 0 _aProject Gutenberg
_v42396
856 4 0 _uhttp://www.gutenberg.org/ebooks/42396
942 _cEB
999 _c271648
_d271648